| 000 | 00445nam a22001697a 4500 | ||
|---|---|---|---|
| 005 | 20230112103343.0 | ||
| 008 | 160622b xxu||||| |||| 00| 0 eng d | ||
| 020 | _a978-81-775-8174-4 | ||
| 041 | _aeng | ||
| 082 |
_b8954 _a338.88 |
||
| 100 |
_aSharan, Vyuptakesh _9733 |
||
| 245 | _aInternational Business : Concept ,Enviroment and strategy | ||
| 260 |
_aDelhi _bPearson Education |
||
| 300 | _a538 | ||
| 650 |
_aManagement _9241 |
||
| 942 | _cBK | ||
| 999 |
_c3512 _d3511 |
||